01190cam a2200325 a 450000100090000000300050000900500170001400800410003101000170007202000250008904000180011404300120013205000260014408200160017010000220018624500490020826000470025730000210030465000540032565000500037965000260042965000230045565000230047865100410050165500290054265500250057185600990059685600770069585600920077212833490Nust20170302100232.0020626r20032002nyu 000 1 eng  a 2002073789 a9780440241898 (pbk.) aDLCcDLCdDLC an-us-ny00aPR6073.I246bS57 200300a823.92bKIN1 aKinsella, Sophie.10aShopaholic ties the knot /cSophie Kinsella. aNew York :bDelta Trade Paperbacks,c2003. a406 p. ;c21 cm. 0aBloomwood, Becky (Fictitious character)vFiction. 0aBritishzNew York (State)zNew YorkvFiction. 0aYoung womenvFiction. 0aShoppingvFiction. 0aWeddingsvFiction. 0aManhattan (New York, N.Y.)vFiction. 7aHumorous fiction.2gsafd 7aLove stories.2gsafd423Contributor biographical informationuhttp://www.loc.gov/catdir/bios/random054/2002073789.html413Sample textuhttp://www.loc.gov/catdir/samples/random044/2002073789.html423Publisher descriptionuhttp://www.loc.gov/catdir/description/random0411/2002073789.html